Külföldi lapszemle

Elmentve itt :
Bibliográfiai részletek
További közreműködők: Kacskovics Miklós
Dokumentumtípus: Cikk
Megjelent: Lapkiadó Vállalat Budapest 1979
Sorozat:Élelmiszervizsgálati közlemények 25 No. 3-4
Kulcsszavak:Élelmiszervizsgálat, Élelmiszerbiztonság
Tárgyszavak:
Online Access:http://acta.bibl.u-szeged.hu/80812
LEADER 00839nab a2200217 i 4500
001 acta80812
005 20230830121004.0
008 230830s1979 hu o 0|| hun d
022 |a 0422-9576 
040 |a SZTE Egyetemi Kiadványok Repozitórium  |b hun 
041 |a hun 
245 0 0 |a Külföldi lapszemle  |h [elektronikus dokumentum] 
260 |a Lapkiadó Vállalat  |b Budapest  |c 1979 
300 |a 90. p., p. 102-103. 
490 0 |a Élelmiszervizsgálati közlemények  |v 25 No. 3-4 
650 4 |a Műszaki és technológiai tudományok 
650 4 |a Egyéb műszaki tudományok és technológiák 
650 4 |a Élelmiszer és italfélék 
695 |a Élelmiszervizsgálat, Élelmiszerbiztonság 
700 0 1 |a Kacskovics Miklós 
856 4 0 |u http://acta.bibl.u-szeged.hu/80812/1/elelmiszervizsgalati_kozlemenyek_1979_03-04_090.pdf  |z Dokumentum-elérés